El positivismo bio-sociológico (Record no. 155763)

MARC details
000 -LEADER
campo de control de longitud fija 00930nam a2200193 i 4500
001 - NÚMERO DE CONTROL
campo de control 155763
003 - IDENTIFICADOR DE NÚMERO DE CONTROL
campo de control ES-MaACL
005 - FECHA Y HORA DE LA ÚLTIMA TRANSACCIÓN
campo de control 20250717090418.0
008 - DATOS DE LONGITUD FIJA--INFORMACIÓN GENERAL
campo de control de longitud fija 990311s1892 sp |||| | spa d
100 1# - ENTRADA PRINCIPAL--NOMBRE DE PERSONA
Nombre de persona Huici, Francisco F.
9 (RLIN) 128085
245 13 - MENCIÓN DEL TÍTULO
Título El positivismo bio-sociológico
Resto del título : discurso-memoria leído en la sesión inaugural de la Sección de Ciencias Exactas, Físico-Químicas y Naturales del Ateneo de Madrid para el curso de 1892-93 /
Mención de responsabilidad, etc. por Francisco F. Huici, secretario primero de la misma.
260 ## - PUBLICACIÓN, DISTRIBUCIÓN, ETC.
Lugar de publicación, distribución, etc. Madrid :
Nombre del editor, distribuidor, etc. [s.n.],
Fecha de publicación, distribución, etc. 1892 (
Fabricante Imp. de E. Maroto y Hermano)
300 ## - DESCRIPCIÓN FÍSICA
Extensión 27 p. ;
Dimensiones 24 cm.
610 24 - PUNTO DE ACCESO ADICIONAL DE MATERIA--NOMBRE DE ENTIDAD CORPORATIVA
Nombre de entidad corporativa o nombre de jurisdicción como elemento de entrada Ateneo de Madrid.
Unidad subordinada Sección de Ciencias Exactas, Físicas y Naturales-
Subdivisión de forma Memorias.
9 (RLIN) 1979
650 ## - PUNTO DE ACCESO ADICIONAL DE MATERIA--TÉRMINO DE MATERIA
Término de materia o nombre geográfico como elemento de entrada Ciencia-
Subdivisión general Filosofía.
9 (RLIN) 10950
650 #7 - PUNTO DE ACCESO ADICIONAL DE MATERIA--TÉRMINO DE MATERIA
Término de materia o nombre geográfico como elemento de entrada Positivismo
Fuente del encabezamiento o término embne
9 (RLIN) 16324
852 ## - LOCALIZACIÓN
Ubicación ES-MaACL
Número de control de estantería T-685-F-9
Nota libre - Enc. hol. conservando cub. original
-- - Enc. en un vol. facticio
Holdings
Estatus retirado Estado de pérdida Estado de daño No para préstamo Colección Biblioteca de origen Biblioteca actual Ubicación en estantería Fecha de adquisición Total de préstamos Signatura topográfica completa Código de barras Visto por última vez Precio de reemplazo Tipo de ítem Koha
        Colección de folletos Biblioteca del Ateneo de Madrid Biblioteca del Ateneo de Madrid Depósito folletos 17/01/2008   T-685-F-9 1162937 23/02/2023 23/02/2023 Folleto